| 000 | 00729nam a2200217Ia 4500 | ||
|---|---|---|---|
| 003 | GCL | ||
| 008 | 140319s9999 xx 000 0 ara d | ||
| 040 |
_aGCL / _cGCL |
||
| 082 | 0 | 4 |
_a339.49 _bم ث |
| 100 | 1 | _aمحمود المظفر | |
| 245 | 1 | 0 |
_aالثروة المعدنية وحقوق الدولة والفرد فيها دراسة فقهية / _cمحمود المظفر |
| 260 |
_a[S.N] : _bمنشاة المعارف الاسلامية ، _c1990 |
||
| 300 | _a502 ص | ||
| 490 |
_aالكتب القانونية _v0 |
||
| 650 | 0 | 4 | _aالقانون |
| 650 | 0 | 4 | _aمصر |
| 650 | 0 | 4 | _aقانون الملكية |
| 650 | 0 | 4 | _aالثروة المعدنية |
| 650 | 0 | 4 | _aالثروة النباتية |
| 942 |
_2ddc _cBK |
||
| 999 |
_c29377 _d29377 |
||